| 000 | 00792pam a2200253 a 4500 | ||
|---|---|---|---|
| 001 | 1107293 | ||
| 005 | 20180222082632.0 | ||
| 008 | 930729s1994 coua b 001 0 eng | ||
| 010 | _a 93027295 | ||
| 020 |
_a0872879399 (cloth) : _c$37.50 |
||
| 020 |
_a0872879666 (pbk.) : _c$27.50 |
||
| 040 |
_aDLC _cDLC _dDLC |
||
| 041 | _aeng | ||
| 043 | _an-us--- | ||
| 080 | _aL 025.02 | ||
| 082 | 0 | 0 |
_aL 025.02 _220 |
| 100 | 1 | _a0 | |
| 101 | _aLIB | ||
| 245 | 1 | 0 |
_aIntroduction to technical services / _cG. Edward Evans, Sandra M. Heft. |
| 504 | _aIncludes bibliographical references (p. 505-519) and index. | ||
| 906 |
_a7 _bcbc _corignew _d1 _eocip _f19 _gy-gencatlg |
||
| 942 |
_2ddc _cBK |
||
| 999 |
_c43210 _d43210 |
||